Modern techniques of raising field crops / (Record no. 3285)
[ view plain ]
| 000 -LEADER | |
|---|---|
| fixed length control field | 00475cam a2200181ua 4500 |
| 041 ## - LANGUAGE CODE | |
| Language code of text/sound track or separate title | eng |
| 082 ## - DEWEY DECIMAL CLASSIFICATION NUMBER | |
| Classification number | 633.081 |
| Item number | SIN/MO |
| 100 ## - MAIN ENTRY--AUTHOR NAME | |
| Personal name | Singh , Chidda . |
| 245 ## - TITLE STATEMENT | |
| Title | Modern techniques of raising field crops / |
| 260 ## - PUBLICATION, DISTRIBUTION, ETC. (IMPRINT) | |
| Place of publication | New Delhi : |
| Name of publisher | Oxford & IBH Publishing company , |
| Year of publication | 2001. |
| 300 ## - PHYSICAL DESCRIPTION | |
| Number of Pages | 523 ; . |
| 942 ## - ADDED ENTRY ELEMENTS (KOHA) | |
| Koha item type | Books |
| Withdrawn status | Lost status | Damaged status | Home library | Current library | Date acquired | Full call number | Accession Number | Koha item type | Collection code | Shelving location | Source of acquisition | Cost, normal purchase price |
|---|---|---|---|---|---|---|---|---|---|---|---|---|
| KAUAET | KAUAET | 19/08/1986 | 633.081 | 15393 | Books | |||||||
| KAUAET | KAUAET | 07/04/2012 | 633.081 | 21285 | Books | |||||||
| KAUAET | KAUAET | 31/03/2021 | 633.081 SIN/MO | BB 626 | Book Bank scheme for SC students | General Books | Scheme | M/S TBS Books Calicut | 695.00 | |||
| KAUAET | KAUAET | 31/03/2021 | 633.081 SIN/MO | BB 627 | Book Bank scheme for SC students | General Books | Scheme | M/S TBS Books Calicut | 695.00 |
